000
00295 a2200145 4500
001
177628
020
_a
040
_c
Magnum
100
_a
Xuxa
240
1
0
_a
Conte outra vez
_l
SEM
245
1
0
_a
Conte outra vez
362
0
_a
1899
697
_a
MAGNITO: MAGNITO SEM ÁREA E AS
942
_c
BK
999
_c
177628
_d
177628